| 000 | 00519nam a2200157 a 4500 | ||
|---|---|---|---|
| 001 | 3946 | ||
| 005 | 20140414131934.0 | ||
| 008 | 040714s19uu xx 00 eng d | ||
| 020 | _a1-84028-086-7 | ||
| 050 |
_aREF 529.1 _bEd1 1994 |
||
| 245 |
_aThe big book of time : _ba magical adventure through seconds, seasons and light-years of the universe / _cWilliam Edmonds. |
||
| 260 |
_aLondon : _bMarshall Pub., _c1994. |
||
| 300 | _a45 p. : ill. ; cm. | ||
| 650 |
_aInterval of time _xJuvenile literature. |
||
| 999 |
_c112349 _d112349 |
||